000 00272nam a22001097a 4500
008 170123b xxu||||| |||| 00| 0 eng d
020 _a9781418064976
041 _aeng
080 _27TH
_a618.2
245 _aPHARMACOLOGICAL ASPECTS OF NURSING CARE
_cBROYLES
942 _2udc
_cBK
999 _c3411
_d3411